Official Names of Countries Quiz Stats

 Plays Quiz not verified by Sporcle

Also try: Small Geography
Challenge
Share
Tweet
Embed
Score 0/49 Timer 10:00
0 Plays Today
Official Name Missing Words % Correct
Bolivarian Republic of _______Venezuela
69.1%
Arab Republic of _______Egypt
65%
Democratic Republic of theCongo
60.5%
Commonwealth of A______Australia
58.7%
Democratic People's Republic of _______Korea
57.8%
Republic of the M______ IslandsMarshall
54.3%
Federated States of _______Micronesia
53.8%
United Kingdom of _______ _______ and _______ _______Great Britain and Northern Ireland
53.8%
Principality of M______Monaco
53.4%
Principality of A______Andorra
52.5%
People's Republic of C______China
52%
Principality of L______Liechtenstein
52%
________ City StateVatican
50.2%
Grand Duchy of _______Luxembourg
48%
Hashemite Kingdom of _______Jordan
46.6%
_______ FederationRussian
44.8%
Federal Republic of G______Germany
40.8%
Sultanate of _______Oman
39.9%
Commonwealth of D______Dominica
39.5%
Federal Democratic Republic of E______Ethiopia
38.6%
Republic of the F______ IslandsFijian
37.7%
State of _______Libya
36.8%
United _______ StatesMexican
34.5%
_______ _______ RepublicCentral African
32.7%
_______ Arab RepublicSyrian
30.9%
Official Name Missing Words % Correct
Federal Republic of N______Nigeria
30%
Commonwealth of The ________Bahamas
29.6%
Kingdom of the _______Netherlands
29.1%
_______ ConfederationSwiss
26%
H______ RepublicHellenic
25.1%
Socialist Republic of _______Vietnam
24.2%
Democratic Republic of _______ _______ and _______São Tomé and Príncipe
22.9%
Federation of _______ _______ and _______Saint Christopher and Nevis
22%
State of _______, Abode of PeaceBrunei
20.6%
Democratic Republic of _______-_______Timor-Leste
20.2%
_______ People's Democratic RepublicLao
20.2%
Co-operative Republic of _______Guyana
18.4%
Oriental Republic of _______Uruguay
17.5%
Plurinational State of _______Bolivia
16.6%
Federal Democratic Republic of N______Nepal
15.7%
People's Republic of B______Bangladesh
15.7%
Federative Republic of ________Brazil
15.2%
Republic of the Union of _______Myanmar
15.2%
United Republic of _______Tanzania
12.6%
Independent State of _______ _______ _______Papua New Guinea
12.1%
Democratic Socialist Republic of _______ _______Sri Lanka
11.7%
Union of the _______Comoros
9.4%
People's Democratic Republic of _______Algeria
9%
Independent State of _______Samoa
4.9%

You're not logged in!

Compare scores with friends on all Sporcle quizzes.
OR
Log In

You Might Also Like...

Show Comments

Extras

Top Quizzes Today


Score Distribution

Your Account Isn't Verified!

In order to create a playlist on Sporcle, you need to verify the email address you used during registration. Go to your Sporcle Settings to finish the process.

Report this User

Report this user for behavior that violates our Community Guidelines.

Details: